IKON-REVUE INTERNATIONALE DE FILMOLOGIE (N.040/041-1962) (Record n. 187483)

Dettagli MARC
000 -LEADER
fixed length control field 01130nas a2200253Ia 4500
001 - CONTROL NUMBER
control field R042/67620
003 - CONTROL NUMBER IDENTIFIER
control field IT-RoPAU
008 - FIXED-LENGTH DATA ELEMENTS--GENERAL INFORMATION
fixed length control field 151124c99999999xx |||||||||||| ||und||
040 ## - CATALOGING SOURCE
Original cataloging agency IT-RoPAU
040 ## - CATALOGING SOURCE
Transcribing agency IT-RoPAU
041 ## - LANGUAGE CODE
Language code of text/sound track or separate title FRANCESE
100 ## - MAIN ENTRY--PERSONAL NAME
Personal name Alberoni Francesco
Miscellaneous information Codice Aut. SPICS: 10027
210 ## - ABBREVIATED TITLE
Abbreviated title IKON-REVUE INTERNATIONAL DE FILMOLOGIE
222 ## - KEY TITLE
Key title Ikon-Revue International De Filmologie
245 ## - TITLE STATEMENT
Title IKON-REVUE INTERNATIONALE DE FILMOLOGIE (N.040/041-1962)
Remainder of title Elite Irresponsable (L')-Theorie Et Recherche Sociologique Sur Le Divismo
250 ## - EDITION STATEMENT
Edition statement 1a ed.
260 ## - PUBLICATION, DISTRIBUTION, ETC. (IMPRINT)
Place of publication, distribution, etc. MILANO
Name of publisher, distributor, etc. ISTITUTO AGOSTINO GEMELLI
Date of publication, distribution, etc. 1962
300 ## - PHYSICAL DESCRIPTION
Extent 23 p. [45-67]
362 ## - DATES OF PUBLICATION AND/OR SEQUENTIAL DESIGNATION
Dates of publication and/or sequential designation (N.040/041-1962)
501 ## - WITH NOTE
-- Paulus - SPICS - Società San Paolo EM (non-commercial uses only)
-- Copyright2015
500 ## - GENERAL NOTE
General note Teoria e Ricerca Sociologica Sul Divismo: Elite Irresponsabile. Condizionigenerali di Esistenza del Fenomeno. Divismo e Carisma. Divo Come Elite. Valutazione del Modo di Agire in Comunità. Atti in Seno Alla Comunità e della Comunità. Significato e Prospet
650 ## - SUBJECT ADDED ENTRY--TOPICAL TERM
Topical term or geographic name as entry element CINEMA
Form subdivision PUBBLICAZIONE PERIODICA
942 ## - ADDED ENTRY ELEMENTS (KOHA)
Koha item type RIVISTA
Dati di copia
Withdrawn status Lost status Damaged status Not for loan Home library Current library Date acquired Total Checkouts Full call number Date last seen Price effective from Koha item type Public note
    Buone Condizioni Not For Loan SPICS-MEDIATECA SPICS-MEDIATECA 25/11/2015   R042/67620 25/11/2015 25/11/2015 RIVISTA Progr. Ins: 36780 / Copia rara: NO / date import: 25.11.2015 / By Epidotti, Trombetti, Vaglietti
CREDITS: SOCIETA' SAN PAOLO Via A.Severo, 58 - ROMA (RM) & PERIODICI SAN PAOLO SRL Via Giotto, 36 MILANO & CISF Via Giotto, 36 MILANO & EDIZIONI SAN PAOLO SRL,  Piazza Soncino, 5 CINISELLO BALSAMO (MI) -- ITALY